000 00543nam a22002057a 4500
003 OSt
005 20231013134127.0
008 160209b xxu||||| |||| 00| 0 eng d
020 _a0071238409
040 _c040a
082 _a005.1 PRE 2005
100 _aPressman, Roger S
_96329
245 _aSoftware Engineering :
_ba practitioner's approach
250 _a6th.ed
260 _aBoston
_bMcGraw Hill
_c2005
300 _a912p ;
_bCol.ill :
_c15 cm
504 _aincludes index
650 _aSoftware engineering
_9565
942 _2ddc
_cSLOAN
999 _c3011
_d3011